000 00353nam a2200133Ia 4500
005 20251222155151.0
008 251222s9999||||xx |||||||||||||| ||spa||
082 _aADM.87
100 _aMinisterio de Educación
245 0 _aPlan de gestión institucional del programa nacional
250 _a2da. ed.
264 _bMinisterio Educación
942 _cLIB
999 _c39567
_d39567